| 000 | 00388nam a22001337a 4500 | ||
|---|---|---|---|
| 008 | 230621b xxu||||| |||| 00| 0 eng d | ||
| 020 | _a9510248371 | ||
| 082 |
_a328.48 _bCOM |
||
| 100 | _cThe Parliament of Finland | ||
| 245 |
_aThe Parliament of Finland _bThe voice of the people past, present and future |
||
| 260 |
_bThe Parliament of Finland _c2000 |
||
| 300 | _a227p | ||
| 942 |
_2ddc _cBK |
||
| 999 |
_c2260 _d2260 |
||